000 00435nam a2200181Ia 4500
005 20251020182526.0
008 200515s9999 xx 000 0 und d
082 _a691:327.624(85)/S42
245 0 _aBloques de concreto : fabricación y construcción
260 _aLima
260 _c2001
300 _aSENCICO
500 _a1 ejemplar
650 _aBLOQUES DE CONCRETO
650 _aLIB
650 _aPUB SENCICO
942 _cLIB
999 _c1919
_d1919